Một số vấn đề về sư phạm Đại học ở C.H.D.C. Đức /

Salvato in:
Dettagli Bibliografici
Autore principale: Jachstel, K.
Natura: Sách giấy
Lingua:Vietnamese
Pubblicazione: Hà Nội : Viện Nghiên cứu ĐH và THCN , 1978
Tags: Aggiungi Tag
Nessun Tag, puoi essere il primo ad aggiungerne! !
Thư viện lưu trữ: Thư viện Trường Đại học Đà Lạt
LEADER 00635nam a2200253 4500
001 DLU020014477
005 ##7/1/2000
020 # # |a 978- 
041 # # |a vie 
082 # # |a 378.43  |b JA-K 
090 # # |a 378.43  |b JA-K 
100 # # |a Jachstel, K. 
245 # # |a Một số vấn đề về sư phạm Đại học ở C.H.D.C. Đức /  |c Jachstel K. 
260 # # |a Hà Nội :  |b Viện Nghiên cứu ĐH và THCN ,  |c 1978 
300 # # |a 217 tr.;   |c 25 cm. 
992 # # |a 1575 
994 # # |a DLU 
900 # # |a False 
911 # # |a Administrator 
925 # # |a G 
926 # # |a A 
927 # # |a SH 
980 # # |a Thư viện Trường Đại học Đà Lạt